000 00244 a2200073 4500
245 _aDisaster risk management
_b : a resource book for educational institutions in Zimbabwe
_hText
100 _acivil protectionorganisation of zimbabwe
005 20191017174353.0
084 _aNONE
999 _c11531
_d11531